000 00529nam a22002177a 4500
003 UA-OsUOA
001 65536
007 ta
008 20091126b un ||||| |||| 00| 0 ukr d
090 _a74(477)
_bН30
942 _cBK
040 _aUA-OsUOA
_bukr
_cUA-OsUOA
_dUA-OsUOA
245 _aНародне мистецтво Київщини
300 _a90 с.
955 _a2
041 _aukr
080 _a74(477)
260 _aК.
_c2005
650 7 _a7 Мистецтво. Ігри. Спорт.
_2UDC
999 _c351507
_d351507